Statistics for Famous People Born in Alabama

Click here to take the quiz!

General Stats

  • This quiz has been taken 112 times
  • The average score is 5 of 11

Answer Stats

DescriptionFamous PersonBirth City% Correct
Civil Rights activist, didn't give up bus seatRosa ParksTuskegee
78%
Actress as Monica on FriendsCourteney CoxMountain Brook
76%
Author of To Kill a MockingbirdHarper LeeMonroeville
63%
Wife of Martin LutherCoretta Scott KingHeiberger
53%
MLB home run king with 755 HRsHank AaronMobile
51%
Singer of Hello and Endless LoveLionel RichieTuskegee
45%
Actor of 21 Jump Street and FoxcatcherChanning TatumCullman
39%
Current CEO of AppleTim CookMobile
39%
Late actor as Gomer on The Andy Griffith ShowJim NaborsSylacauga
31%
Actor of That Darn Cat and The Love BugDean JonesDecatur
22%
Nerd actress of The GuildFelicia DayHuntsville
10%

Score Distribution

Percentile by Number Answered

Percent of People with Each Score

Your Score History

You have not taken this quiz